Statistics for Top 25 Transfers - Football Season 2013/14

Click here to take the quiz!

General Stats

  • This quiz has been taken 24 times
  • The average score is 21 of 25

Answer Stats

FromToNatPosFeePlayer% Correct
Tottenham HotspurReal MadridWALRW€101.00mGareth Bale
100%
ChelseaManchester UnitedESPCAM€44.73mJuan Mata
100%
SantosFC BarcelonaBRALW€88.20mNeymar
100%
Real MadridNapoliARGST€39.00mGonzalo Higuaín
100%
EvertonManchester UnitedBELCM€32.40mMarouane Fellaini
100%
Real MadridArsenalGERCAM€47.00mMesut Özil
100%
NapoliPSGURUST€64.50mEdinson Cavani
100%
PortoMonacoCOLCAM€45.00mJames Rodríguez
95%
MálagaReal MadridESPCAM€30.00mIsco
95%
DortmundFC BayernGERCAM€37.00mMario Götze
95%
Atlético MadridMonacoCOLST€43.00mRadamel Falcao
95%
ShakhtarManchester CityBRACDM€40.00mFernandinho
90%
AnzhiChelseaBRARW€35.50mWillian
90%
BenficaChelseaSRBCDM€25.00mNemanja Matic
85%
ShakhtarDortmundARMCAM€27.50mHenrikh Mkhitaryan
85%
RomaPSGBRACB€31.40mMarquinhos
85%
FC BarcelonaFC BayernESPCM€25.00mThiago
85%
RomaTottenham HotspurARGRW€30.00mErik Lamela
80%
PortoMonacoPORCM€25.00mJoão Moutinho
80%
FiorentinaManchester CityMNEST€26.00mStevan Jovetic
75%
SevillaManchester CityESPST€25.00mÁlvaro Negredo
70%
ValenciaTottenham HotspurESPST€30.00mRoberto Soldado
65%
Real SociedadReal MadridESPCDM€32.00mAsier Illarramendi
55%
NewcastlePSGFRACM€25.00mYohan Cabaye
30%
Atlético-MGShakhtarBRALW€25.00mBernard
30%

Score Distribution

Percentile by Number Answered

Percent of People with Each Score

Your Score History

You have not taken this quiz